| 000 | 01134nam a22002657a 4500 | ||
|---|---|---|---|
| 005 | 20240530110604.0 | ||
| 008 | 161019s2014 ua a g b 000 0 ara d | ||
| 017 |
_a2013/14636 _bمصر. دار الكتب |
||
| 020 | _a9789772766499 | ||
| 040 |
_aEG-CaGPL _cEG-CaGPL |
||
| 082 | 0 | 4 |
_221 _a372.218\ _bا ت |
| 100 | 0 | _aامل عبد الكريم قاسم يونس | |
| 245 | 1 | 0 |
_aتنمية السلوكيات الاجتماعية الايجابية لطفل الروضة باستخدام مسرح العرائس / _cامل عبد الكريم قاسم يونس |
| 250 | _aط. 1 | ||
| 260 |
_aالقاهرة : _bالمكتب العربي للمعارف ، _c2014 . |
||
| 300 |
_a264 ص : _bايض ؛ _c24 سم . |
||
| 490 | 0 | _aدراسات الطفولة و الصحة النفسية | |
| 504 | _aببليوجرافية : ص 255 - 263 . | ||
| 650 | 0 | 7 |
_2qrmak _aتعليم الاطفال . |
| 650 | 0 | 7 |
_2qrmak _aرياض الاطفال . |
| 650 | 0 | 7 |
_2qrmak _aمسرح العرائس . |
| 650 | 0 | 7 |
_2qrmak _aمسارح العرائس و الاطفال . |
| 942 |
_2ddc _cBK |
||
| 999 |
_c62724 _d62724 |
||